Alle Länder nach Fläche (mit Karte) - Statistiken

Allgemein
  • Dieses Quiz wurde 4 mal gespielt
  • Das Durchschnittsergebnis liegt bei 167 aus 193
Antworten auf der Karte
Die Antworten werden auf der Karte rot bzw. grün angezeigt, abhängig davon wie oft sie richtig erraten wurden.
 
Antwortstatistiken
Hint Antwort % Korrekt
652'230 km² Afghanistan
100%
1'001'450 km² Ägypten
100%
28'748 km² Albanien
100%
2'381'740 km² Algerien
100%
28'051 km² Äquatorialguinea
100%
2'780'400 km² Argentinien
100%
86'600 km² Aserbaidschan
100%
7'741'220 km² Australien
100%
13'880 km² Bahamas
100%
148'460 km² Bangladesch
100%
207'600 km² Belarus
100%
30'528 km² Belgien
100%
38'394 km² Bhutan
100%
1'098'581 km² Bolivien
100%
51'197 km² Bosnien und Herzegowina
100%
581'730 km² Botswana
100%
8'515'770 km² Brasilien
100%
110'879 km² Bulgarien
100%
27'830 km² Burundi
100%
756'102 km² Chile
100%
9'596'960 km² China
100%
51'100 km² Costa Rica
100%
2'209'180 km² Dänemark
100%
357'022 km² Deutschland
100%
751 km² Dominica
100%
48'670 km² Dominikanische Republik
100%
283'561 km² Ecuador
100%
45'228 km² Estland
100%
17'364 km² Eswatini
100%
18'274 km² Fidschi
100%
338'145 km² Finnland
100%
643'801 km² Frankreich
100%
11'300 km² Gambia
100%
238'533 km² Ghana
100%
131'957 km² Griechenland
100%
243'610 km² Grossbritannien
100%
245'857 km² Guinea
100%
36'125 km² Guinea-Bissau
100%
214'969km² Guyana
100%
27'750 km² Haiti
100%
112'090 km² Honduras
100%
3'287'263 km² Indien
100%
1'904'569 km² Indonesien
100%
438'317 km² Irak
100%
1'648'195 km² Iran
100%
70'273 km² Irland
100%
103'000 km² Island
100%
21'937 km² Israel
100%
301'340 km² Italien
100%
10'991 km² Jamaika
100%
377'975 km² Japan
100%
527'968 km² Jemen
100%
89'342 km² Jordanien
100%
475'440 km² Kamerun
100%
9'984'670 km² Kanada
100%
2'724'900 km² Kasachstan
100%
11'586 km² Katar
100%
1'138'910 km² Kolumbien
100%
2'235 km² Komoren
100%
56'594 km² Kroatien
100%
110'860 km² Kuba
100%
30'355 km² Lesotho
100%
64'589 km² Lettland
100%
1'759'540 km² Libyen
100%
160 km² Liechtenstein
100%
65'300 km² Litauen
100%
2'586 km² Luxemburg
100%
587'041 km² Madagaskar
100%
330'803 km² Malaysia
100%
298 km² Malediven
100%
1'240'192 km² Mali
100%
316 km² Malta
100%
716'550 km² Marokko
100%
2'040 km² Mauritius
100%
1'964'375 km² Mexiko
100%
702 km² Mikronesien
100%
1'564'116 km² Mongolei
100%
13'812 km² Montenegro
100%
824'292 km² Namibia
100%
268'838 km² Neuseeland
100%
41'543 km² Niederlande
100%
1'267'000 km² Niger
100%
923'768 km² Nigeria
100%
120'538 km² Nordkorea
100%
323'802 km² Norwegen
100%
309'500 km² Oman
100%
83'871 km² Österreich
100%
459 km² Palau
100%
75'420 km² Panama
100%
406'752 km² Paraguay
100%
1'285'216 km² Peru
100%
312'685 km² Polen
100%
92'090 km² Portugal
100%
26'338 km² Ruanda
100%
238'391 km² Rumänien
100%
17'098'242 km² Russland
100%
752'618 km² Sambia
100%
2'831 km² Samoa
100%
61 km² San Marino
100%
2'149'690 km² Saudi-Arabien
100%
450'295 km² Schweden
100%
41'277 km² Schweiz
100%
196'722 km² Senegal
100%
77'474 km² Serbien
100%
455 km² Seychellen
100%
49'035 km² Slowakei
100%
20'273 km² Slowenien
100%
505'370 km² Spanien
100%
65'610 km² Sri Lanka
100%
616 km² St. Lucia
100%
1'219'090 km² Südafrika
100%
1'861'484 km² Sudan
100%
99'720 km² Südkorea
100%
644'329 km² Südsudan
100%
163'820 km² Suriname
100%
187'437 km² Syrien
100%
513'120 km² Thailand
100%
78'867 km² Tschechien
100%
163'610 km² Tunesien
100%
783'562 km² Türkei
100%
241'038 km² Uganda
100%
603'550 km² Ukraine
100%
176'215 km² Uruguay
100%
9'525'067 km² USA
100%
447'400 km² Usbekistan
100%
12'189 km² Vanuatu
100%
912'050 km² Venezuela
100%
83'600 km² Vereinigte Arabische Emirate
100%
331'210 km² Vietnam
100%
622'984 km² Zentralafrikanische Republik
100%
9'251 km² Zypern
100%
468 km² Andorra
67%
1'246'700 km² Angola
67%
443 km² Antigua und Barbuda
67%
1'104'300 km² Äthiopien
67%
760 km² Bahrain
67%
430 km² Barbados
67%
2'344'858 km² Demokratische Republik Kongo
67%
23'200 km² Dschibuti
67%
322'463 km² Elfenbeinküste
67%
21'041 km² El Salvador
67%
117'600 km² Eritrea
67%
267'667 km² Gabun
67%
69'700 km² Georgien
67%
344 km² Grenada
67%
108'889 km² Guatemala
67%
4'033 km² Kap Verde
67%
580'367 km² Kenia
67%
199'951 km² Kirgistan
67%
17'818 km² Kuwait
67%
236'800 km² Laos
67%
10'400 km² Libanon
67%
111'369 km² Liberia
67%
118'484 km² Malawi
67%
181 km² Marshallinseln
67%
1'030'700 km² Mauretanien
67%
33'851 km² Moldau
67%
2 km² Monaco
67%
676'578 km² Myanmar
67%
21 km² Nauru
67%
147'181 km² Nepal
67%
25'713 km² Nordmazedonien
67%
796'095 km² Pakistan
67%
462'840 km² Papua-Neuguinea
67%
300'000 km² Philippinen
67%
342'000 km² Republik Kongo
67%
28'896 km² Salomonen
67%
964 km² São Tomé und Príncipe
67%
71'740 km² Sierra Leone
67%
637'657 km² Somalia
67%
389 km² St. Vincent und die Grenadinen
67%
947'300 km² Tansania
67%
56'785 km² Togo
67%
747 km² Tonga
67%
5'128 km² Trinidad und Tobago
67%
1'284'000 km² Tschad
67%
488'100 km² Turkmenistan
67%
26 km² Tuvalu
67%
93'028 km² Ungarn
67%
29'743 km² Armenien
33%
22'966 km² Belize
33%
112'622 km² Benin
33%
274'200 km² Burkina Faso
33%
181'035 km² Kambodscha
33%
811 km² Kiribati
33%
799'380 km² Mosambik
33%
130'370 km² Nicaragua
33%
14'874 km² Osttimor
33%
390'757 km² Simbabwe
33%
144'100 km² Tadschikistan
33%
5'765 km² Brunei
0%
719 km² Singapur
0%
261 km² St. Kitts und Nevis
0%
Keine übereinstimmenden Quizze gefunden
Verteilung der Resultate
Anzahl Personen mit jedem Resultat
Perzentil nach korrekt beantworteten Fragen
Ihre Resultats-Entwicklung
Sie haben dieses Quiz noch nicht gespielt